| 000 | 00615nam a22002417a 4500 | ||
|---|---|---|---|
| 003 | OSt | ||
| 005 | 20180116183004.0 | ||
| 008 | 150805b xxu||||| |||| 00| 0 eng d | ||
| 020 | _a9780415722766 | ||
| 022 | _a9780415722766 | ||
| 040 | _c0 | ||
| 050 | _a421.5 | ||
| 082 | _a421.5 | ||
| 100 | _aBrown,Adam. | ||
| 245 |
_aPronunciation and Phonetics. _bA Practical Guide for English Language Teachers. _cAdam Brown. |
||
| 250 | _a1st. | ||
| 260 |
_aNew York _bRoutledge. _c2014. |
||
| 300 | _a311p. | ||
| 500 | _aPaper Cover | ||
| 600 | _aBrown,Adam. | ||
| 700 | _aBrown,Adam. | ||
| 942 |
_2ddc _cBK _k421.5 |
||
| 999 |
_c349982 _d349982 |
||